<?xml version="1.0" encoding="UTF-8"?>
<record
    xmlns:xsi="http://www.w3.org/2001/XMLSchema-instance"
    xsi:schemaLocation="http://www.loc.gov/MARC21/slim http://www.loc.gov/standards/marcxml/schema/MARC21slim.xsd"
    xmlns="http://www.loc.gov/MARC21/slim">

  <leader>01415nam a22002297a 4500</leader>
  <datafield tag="999" ind1=" " ind2=" ">
    <subfield code="c">22152</subfield>
    <subfield code="d">22152</subfield>
  </datafield>
  <controlfield tag="003">AR-CdUCM</controlfield>
  <controlfield tag="008">190429b           ||||| |||| 00| 0 spa d</controlfield>
  <datafield tag="040" ind1=" " ind2=" ">
    <subfield code="a">MUNICIPALIDAD PROVINCIAL DEL CUSCO</subfield>
    <subfield code="c">BIBLIOTECA MUNICIPAL DEL CUSCO</subfield>
  </datafield>
  <datafield tag="082" ind1=" " ind2=" ">
    <subfield code="a">Edu.t&#xE9;cnica/N&#xB0;2/1992</subfield>
  </datafield>
  <datafield tag="245" ind1=" " ind2=" ">
    <subfield code="a">Revista la educaci&#xF3;n t&#xE9;cnica /</subfield>
    <subfield code="c">Germ&#xE1;n I. Cabrera Reyes, Director</subfield>
  </datafield>
  <datafield tag="260" ind1=" " ind2=" ">
    <subfield code="a">Cusco.</subfield>
    <subfield code="b">[sn],</subfield>
    <subfield code="c">1992.</subfield>
  </datafield>
  <datafield tag="300" ind1=" " ind2=" ">
    <subfield code="a">58 p&#xE1;ginas. :</subfield>
    <subfield code="c">21 cm.</subfield>
  </datafield>
  <datafield tag="440" ind1=" " ind2=" ">
    <subfield code="a">Revista la educaci&#xF3;n t&#xE9;cnica.</subfield>
    <subfield code="n">A&#xF1;o II, N&#xB0;2, 1992.</subfield>
    <subfield code="9">47549</subfield>
  </datafield>
  <datafield tag="505" ind1=" " ind2=" ">
    <subfield code="a">Contenido: Ego&#xED;smo endemia en nuestro pa&#xED;s. Miguel Sotomayor Palomino. -- Origen de la educaci&#xF3;n f&#xED;sica. Ra&#xFA;l Gallegos. -- Problemas de la educaci&#xF3;n t&#xE9;cnica. Julio Miranda Bernal. -- La robotizaci&#xF3;n. Germ&#xE1;n Cabrera Reyes. -- Adi&#xF3;s colegio de La Merced. -- Dialogo del condor y el venado en el pe&#xF1;ascal del distrito de Chamaca. Cuento in&#xE9;dito de Chamaca Chumbivilcas. -- Colegio La Merced promoci&#xF3;n Juan XXII 1990. -- Primera banda t&#xED;pica de guerra Checacupe. -- Pueblo pide devoluci&#xF3;n de la fabrica de tejidos de Lucre. T&#xE9;cnica del burilado de mates art&#xED;sticos. -- Importancia del turismo andino. Hortensia Gavancho Ninantay. ... 
 </subfield>
  </datafield>
  <datafield tag="650" ind1=" " ind2=" ">
    <subfield code="a">Educaci&#xF3;n superior</subfield>
    <subfield code="9">47550</subfield>
  </datafield>
  <datafield tag="650" ind1=" " ind2=" ">
    <subfield code="a">Educaci&#xF3;n t&#xE9;cnica</subfield>
    <subfield code="9">5178</subfield>
  </datafield>
  <datafield tag="650" ind1=" " ind2=" ">
    <subfield code="a">Siglo XX</subfield>
    <subfield code="9">47547</subfield>
  </datafield>
  <datafield tag="700" ind1=" " ind2=" ">
    <subfield code="a">Gavancho Ninantay, Hortensia</subfield>
    <subfield code="9">47551</subfield>
  </datafield>
  <datafield tag="700" ind1=" " ind2=" ">
    <subfield code="a">Cabrera Reyes, Germ&#xE1;n</subfield>
    <subfield code="9">47552</subfield>
  </datafield>
  <datafield tag="942" ind1=" " ind2=" ">
    <subfield code="2">ddc</subfield>
    <subfield code="c">PP</subfield>
  </datafield>
  <datafield tag="945" ind1=" " ind2=" ">
    <subfield code="a">rac</subfield>
  </datafield>
  <datafield tag="952" ind1=" " ind2=" ">
    <subfield code="0">0</subfield>
    <subfield code="2">ddc</subfield>
    <subfield code="4">0</subfield>
    <subfield code="7">0</subfield>
    <subfield code="a">HEM</subfield>
    <subfield code="b">HEM</subfield>
    <subfield code="c">CART</subfield>
    <subfield code="d">2022-03-15</subfield>
    <subfield code="g">5.00</subfield>
    <subfield code="o">Edu.t&#xE9;cnica/N&#xB0;2/1992</subfield>
    <subfield code="p">REVC000688</subfield>
    <subfield code="r">2022-03-15</subfield>
    <subfield code="y">PP</subfield>
  </datafield>
</record>
